Statistics for Countries with the most borders

Click here to take the quiz!

General Stats

  • This quiz has been taken 38 times
  • The average score is 4 of 9

Answer Stats

BordersTotal LengthCountry% Correct
1420,017kmRussia
89%
14(16)22,147China
81%
93,621kmGermany
70%
9(10)14,691kmBrazil
59%
82,889kmFrance
48%
910,730kmDR Congo
37%
82,562kmAustria
19%
82,648kmTurkey
19%
97,687kmSudan
11%

Score Distribution

Percentile by Number Answered

Percent of People with Each Score

Your Score History

You have not taken this quiz